| 000 | 00540nam a22001817a 4500 | ||
|---|---|---|---|
| 005 | 20231102091125.0 | ||
| 008 | 231102b |||||||| |||| 00| 0 eng d | ||
| 020 | _a421145404 | ||
| 041 | _aEnglish | ||
| 082 | _a346.6 LIN | ||
| 100 |
_aScamell, EH _lEnglish |
||
| 245 |
_aLindley on the Law of Partnership / _cEH Scamell |
||
| 250 | _aThirteenth Edition | ||
| 260 |
_aLondon : _bSweet and Maxwell, _c1971 |
||
| 300 |
_bclii, 950 pages ; _c26 cm. |
||
| 650 |
_aLegal practice _bLaw |
||
| 942 |
_cBK _6ALISON_BN_VRIES |
||
| 999 |
_c249 _d249 |
||